| 000 | 00701nam a22002177a 4500 | ||
|---|---|---|---|
| 999 |
_c1399 _d1399 |
||
| 001 | 1399 | ||
| 003 | BD-JhCC | ||
| 005 | 20171018192307.0 | ||
| 008 | 171018s1372 bg |||| |||| 000 0 ben d | ||
| 035 | _a(BD-JhCC)1399 | ||
| 040 |
_aBD-JhCC _dBD-JhCC |
||
| 041 | _aben | ||
| 082 |
_a891.4435 _bCHA 1372 |
||
| 100 | _aচট্টোপাধ্যায়, শরৎচন্দ্র | ||
| 245 |
_aশ্রেষ্ঠ গল্প / _cশরৎচন্দ্র চট্টোপাধ্যায় |
||
| 260 |
_aঢাকা: _c১৩৭২. |
||
| 300 |
_a২১৩ পৃ. : _c২২ সেমি. |
||
| 650 | _aShort Stories Bengali | ||
| 942 |
_2ddc _cBK |
||